Empresa Inversiones Mobiliarias, Sociedad Anónima
Presenta un informe sobre las actividades durante el período de prácticas profesionales, desempeñadas en el área de diseño y construcción, supervisión de obras, presupuesto y licitación en el complejo corporativo BDF- ASSA Managua.
| Main Author: | |
|---|---|
| Other Authors: | |
| Format: | Tesis Section = Libro |
| Language: | Undetermined Spanish |
| Published: |
Managua
UNI
2020
|
| Subjects: |
| LEADER | 01021nam a2200253Ia 4500 | ||
|---|---|---|---|
| 008 | 240830s9999 xx 000 0 und d | ||
| 040 | |a BIBLIOTECA-RUSB/ Mon 729 M828 | ||
| 041 | |a spa | ||
| 082 | |a Mon 729 M828 | ||
| 100 | 1 | |a Morales López, Emma Teresa | |
| 245 | 1 | 0 | |a Empresa Inversiones Mobiliarias, Sociedad Anónima |
| 260 | |a Managua |b UNI |c 2020 | ||
| 300 | |a 100 p. :il. | ||
| 500 | |a Prácticas profesionales. Contiene: anexos y CD. | ||
| 502 | |a Tesis (Arquitecto) - UNI, 2020. | ||
| 520 | 3 | |a Presenta un informe sobre las actividades durante el período de prácticas profesionales, desempeñadas en el área de diseño y construcción, supervisión de obras, presupuesto y licitación en el complejo corporativo BDF- ASSA Managua. | |
| 650 | 7 | |a DISEÑO DE INTERIORES | |
| 650 | 7 | |b OFICINAS- REMODELACION | |
| 650 | 7 | |c INVERSIONES MOBILIARIAS | |
| 650 | 7 | |d PRACTICAS PROFESIONALES | |
| 700 | 1 | |a Tutor: |b Benavidez Rodríguez, Wildghem Ramón | |
| 942 | |c BK |2 ddc | ||
| 991 | |a TESIS | ||
| 999 | |c 21530 | ||